000 00419nam a2200169Ia 4500
001 19474
003 IN-NITTTR
005 20251114233224.0
008 251113s9999||||xx |||||||||||||| ||eng||
040 _beng
040 _cIN-NITTTR
041 _aeng
082 _a371.3078 I8
100 _aEraut, Michael
245 4 _aThe international encyclopedia of educational technology. /
_cEraut, Michael
942 _2ddc
_cBK
999 _c22108
_d22108